01210nam a2200313 a 4500001001100000003000800011006001900019007001500038008004100053010001700094020002800111020003500139040002100174035002100195050002600216082001600242100002500258245007100283260005200354300002400406504006400430533015200494650002800646651003600674655002900710710001700739856012500756999001500881ebr5006047CaPaEBRm u cr cn|||||||||940310s1994 hiua sb 001 0 eng  z 94010877  z0824816153 (alk. paper) z0824816579 (pbk. : alk. paper) aCaPaEBRcCaPaEBR a(OCoLC)61020029914aGT2846.J3bC53 1994eb04a391/.642201 aClark, Scott,d1948-10aJapan, a view from the bathh[electronic resource] /cScott Clark. aHonolulu :bUniversity of Hawaii Press,cc1994. avii, 154 p. :bill. aIncludes bibliographical references (p. 149-152) and index. aElectronic reproduction.bPalo Alto, Calif. :cebrary,d2013.nAvailable via World Wide Web.nAccess may be limited to ebrary affiliated libraries. 0aBathing customszJapan. 0aJapanxSocial life and customs. 7aElectronic books.2local2 aebrary, Inc.40uhttp://site.ebrary.com/lib/rucke/Doc?id=5006047zAn electronic book accessible through the World Wide Web; click to view c6213d6213